| 000 | nam a22 7a 4500 | ||
|---|---|---|---|
| 999 |
_c18109 _d18109 |
||
| 008 | 161202b xxu||||| |||| 00| 0 eng d | ||
| 020 | _a9780324317961 | ||
| 050 | _aHF 5686.C8K56 2006 | ||
| 100 | _aKinney, Michael R. | ||
| 245 |
_aCosting accounting foundations & evolutions/ _cMichael R.Kinney, Jenice Prather-Kinsey and Cecily A. Rainborn. |
||
| 250 | _a6th. | ||
| 260 |
_aAustralia : _bThomson South-Western, _c2006. |
||
| 300 |
_av, 332p. : _bill. : _c27cm. |
||
| 500 | _aInclude index. | ||
| 650 | _aCost accounting. | ||
| 700 | _aPrather-Kinsey, Jenice. | ||
| 700 | _aRainborn, Cecily A. | ||
| 942 |
_2lcc _cBOOKS |
||